000 00316nam a2200133Ia 4500
005 20251222141827.0
008 251222s9999||||xx |||||||||||||| ||spa||
082 _a741.5/G98
100 _aGuzmán M., Leoncio
245 0 _aArte y Técnica de la Historieta
250 _a1ra.ed.
264 _bHorizonte
942 _cLIB
999 _c6997
_d6997